Non-traditional and human security in South Asia. (Record no. 16301)

000 -LEADER
fixed length control field 01393cam a2200337 a 4500
001 - CONTROL NUMBER
control field 15217059
005 - DATE AND TIME OF LATEST TRANSACTION
control field 20170105102937.0
008 - FIXED-LENGTH DATA ELEMENTS--GENERAL INFORMATION
fixed length control field 080313s2007 pk a b 000 0 eng
010 ## - LIBRARY OF CONGRESS CONTROL NUMBER
LC control number 2008310061
020 ## - INTERNATIONAL STANDARD BOOK NUMBER
International Standard Book Number 9789698020187
025 ## - OVERSEAS ACQUISITION NUMBER
Overseas acquisition number P-E-2008310061; 28; 29
040 ## - CATALOGING SOURCE
Original cataloging agency DLC
Transcribing agency DLC
042 ## - AUTHENTICATION CODE
Authentication code lcode
043 ## - GEOGRAPHIC AREA CODE
Geographic area code az-----
050 00 - LIBRARY OF CONGRESS CALL NUMBER
Classification number HN670.3.A8
Item number N66 2007
082 ## - DEWEY DECIMAL CLASSIFICATION NUMBER
Classification number 954.91
Author Mark NON 2006
245 00 - TITLE STATEMENT
Title Non-traditional and human security in South Asia.
260 ## - PUBLICATION, DISTRIBUTION, ETC.
Place of publication, distribution, etc. Islamabad :
Name of publisher, distributor, etc. Institute of Regional Studies :
-- National Commission for Human Development,
Date of publication, distribution, etc. 2006.
300 ## - PHYSICAL DESCRIPTION
Extent xliii, xxii, 364 p. :
Other physical details ill. ;
Dimensions 23 cm.
500 ## - GENERAL NOTE
General note "Collection of papers presented at an international seminar organised jointly by the Institute of Regional Studies and National Commission for Human Development in Islamabad on 31 October, 1 November 2006".
504 ## - BIBLIOGRAPHY, ETC. NOTE
Bibliography, etc. note Includes bibliographical references.
650 #0 - SUBJECT ADDED ENTRY--TOPICAL TERM
Topical term or geographic name entry element Quality of life
Geographic subdivision South Asia
Form subdivision Congresses.
650 #0 - SUBJECT ADDED ENTRY--TOPICAL TERM
Topical term or geographic name entry element Internal security
Geographic subdivision South Asia
Form subdivision Congresses.
650 #0 - SUBJECT ADDED ENTRY--TOPICAL TERM
Topical term or geographic name entry element Economic security
Geographic subdivision South Asia
Form subdivision Congresses.
650 #0 - SUBJECT ADDED ENTRY--TOPICAL TERM
Topical term or geographic name entry element Human rights
Geographic subdivision South Asia
Form subdivision Congresses.
710 2# - ADDED ENTRY--CORPORATE NAME
Corporate name or jurisdiction name as entry element Institute of Regional Studies (Islāmābād, Pakistan)
710 2# - ADDED ENTRY--CORPORATE NAME
Corporate name or jurisdiction name as entry element National Commission for Human Development (Pakistan)
906 ## - LOCAL DATA ELEMENT F, LDF (RLIN)
a 7
b cbc
c origode
d 3
e ncip
f 20
g y-gencatlg
942 ## - ADDED ENTRY ELEMENTS (KOHA)
Source of classification or shelving scheme
Koha item type Book
Holdings
Withdrawn status Lost status Damaged status Not for loan Collection code Permanent Location Current Location Shelving location Date acquired Total Checkouts Full call number Barcode Date last seen Price effective from Koha item type
          Centre for International Peace & Stability (CIPS) Centre for International Peace & Stability (CIPS) General Stacks 03/16/2016   954.91 NON 2006 CIPS0002757 03/16/2016 03/16/2016 Book
© 2023 Central Library, National University of Sciences and Technology. All Rights Reserved.